| 000 | 00821nam a2200241Ia 4500 | ||
|---|---|---|---|
| 003 | OSt | ||
| 005 | 20221005105352.0 | ||
| 006 | a|||||r|||| 00| 0 | ||
| 007 | ta | ||
| 008 | 221004b |||||||| |||| 00| 0 hin d | ||
| 024 | _a30693 | ||
| 037 | _cTextual | ||
| 040 |
_aCRL _cCRL _bhin |
||
| 041 |
_2hin _ahin |
||
| 082 | _aV21'G79, 152L9 | ||
| 100 |
_aशास्त्री, नीलकंठ के. ए. _9623897 |
||
| 245 | 0 | _aचोलवंश | |
| 246 | _aCholavansha | ||
| 260 |
_aनई दिल्ली _bदि मैकमिलन कंपनी ऑफ इंडिया लिमिटेड भारत _c1979 |
||
| 300 |
_a634पृ. _ccm. |
||
| 942 |
_hV21'G79, 152L9 _cTEXL _2cc |
||
| 999 |
_c1015617 _d1015617 |
||